000 00357nam a2200121Ia 4500
005 20260328104256.0
008 260328s9999||||xx |||||||||||||| ||und||
100 _aSaldarriaga Roa, Alberto
245 0 _aEl Viaje, el Mundo como un lugar /
_cAlberto Saldarriaga Roa
260 _bUniversidad de Bogotá Jorge Tadeo Lozano
650 _aCOLOMBIA
942 _cBK
999 _c10434
_d10434